[Event "EUYCC 2022 - U10"]
[Site "?"]
[Date "2022.08.29"]
[Round "8.5"]
[White "Zrust, Lukas"]
[Black "Frydel, Helena"]
[Result "1-0"]
[WhiteElo "1344"]
[BlackElo "1103"]
[PlyCount "131"]
[EventDate "2022.??.??"]

1. c4 d5 2. cxd5 c6 3. Nc3 cxd5 4. d4 Bf5 5. Bf4 e6 6. Nf3 Bb4 7. Qa4+ Nc6 8.
Ne5 Bxc3+ 9. bxc3 Nge7 10. e3 f6 11. Nxc6 Nxc6 12. Be2 O-O 13. O-O Qe8 14. Qb3
b6 15. Rac1 Qg6 16. Kh1 Bd3 17. Bxd3 Qxd3 18. Qc2 Qxc2 19. Rxc2 e5 20. dxe5
fxe5 21. Bg3 Rf6 22. a3 d4 23. cxd4 exd4 24. exd4 Nxd4 25. Rc4 Nc6 26. Rfc1 Rc8
27. h3 Kf7 28. Kg1 Ke8 29. Re4+ Kd7 30. Rd1+ Nd4 31. Rdxd4+ Kc6 32. Rc4+ Kb7
33. Re7+ Ka6 34. Rxc8 Rg6 35. Rcc7 Kb5 36. Rxg7 Re6 37. Rxh7 a6 38. Rh4 Re1+
39. Kh2 Ra1 40. Rh6 Rxa3 41. Rb7 a5 42. Rbxb6+ Kc4 43. Rh4+ Kc3 44. Be5+ Kc2
45. Rc4+ Kd2 46. Rb2+ Kd3 47. Rc3+ Rxc3 48. Bxc3 Kxc3 49. Ra2 Kb4 50. h4 a4 51.
h5 Kb3 52. Rxa4 Kxa4 53. h6 Ka3 54. h7 Kb4 55. h8=Q Kc4 56. Qd8 Kc5 57. Kg3 Kc6
58. Kf4 Kc5 59. Ke5 Kc6 60. Qc8+ Kb5 61. Kd5 Kb4 62. Qc4+ Ka3 63. Qb5 Ka2 64.
Kc4 Ka1 65. Kc3 Ka2 66. Qb2# 1-0

[Event "EUYCC 2022 - U10"]
[Site "?"]
[Date "2022.08.29"]
[Round "8.6"]
[White "Kusova, Nikola"]
[Black "Novotny, Adam"]
[Result "1-0"]
[WhiteElo "1224"]
[BlackElo "1113"]
[PlyCount "67"]
[EventDate "2022.??.??"]

1. e4 e5 2. Nc3 Nf6 3. Bc4 Nc6 4. d3 Bc5 5. f4 d6 6. Nf3 Ng4 7. Ng5 O-O 8. f5
Nf6 9. Na4 Bb6 10. Nxb6 axb6 11. O-O h6 12. Nf3 Bd7 13. Qe1 Qe7 14. Qg3 Kh7 15.
Be3 Rad8 16. Rae1 Rfe8 17. Qh4 Kg8 18. Nd2 Nd4 19. c3 Nc2 20. Re2 Nxe3 21. Rxe3
Qf8 22. Rg3 Kh7 23. Nf3 Re7 24. Rh3 Kg8 25. g4 Kh8 26. g5 Ng8 27. Kh1 f6 28.
Rg1 Be8 29. Bxg8 Kxg8 30. gxh6 Rdd7 31. hxg7 Rxg7 32. Qh8+ Kf7 33. Rxg7+ Qxg7
34. Rh7 1-0

[Event "EUYCC 2022 - U10"]
[Site "?"]
[Date "2022.08.29"]
[Round "8.7"]
[White "Prochazka, Michal"]
[Black "Stricova, Julia Nela"]
[Result "1-0"]
[WhiteElo "1318"]
[BlackElo "1040"]
[PlyCount "103"]
[EventDate "2022.??.??"]

1. e4 e5 2. Nf3 Nc6 3. Nc3 Nf6 4. Bb5 Bb4 5. Bxc6 dxc6 6. Nxe5 Bxc3 7. bxc3
Nxe4 8. Qe2 f5 9. f3 Qe7 10. Nxc6 bxc6 11. fxe4 Qxe4 12. Qxe4+ fxe4 13. O-O Kd8
14. Rf7 g5 15. Ba3 Be6 16. Re7 Bd5 17. d3 exd3 18. cxd3 h6 19. c4 Bg8 20. Rae1
Bh7 21. Bb2 Rf8 22. Rxh7 Rb8 23. Bf6+ Kc8 24. Rh8 Rxh8 25. Bxh8 Kd7 26. Bg7 h5
27. Bf6 g4 28. Re7+ Kd6 29. Rh7 Rb1+ 30. Kf2 Rd1 31. Rxh5 Rd2+ 32. Kg3 Rxa2 33.
Rg5 Ke6 34. Bh8 a5 35. Rxg4 a4 36. h4 a3 37. h5 Rb2 38. h6 Rb8 39. Bg7 Rg8 40.
h7 Kf7 41. h8=Q Rxh8 42. Bxh8 a2 43. Kf4 Ke6 44. Rg5 Kd6 45. Ba1 c5 46. Rg6+
Kd7 47. Ke5 c6 48. Rg7+ Kc8 49. Kd6 Kb8 50. Kxc6 Ka8 51. Kb6 Kb8 52. Rg8# 1-0

[Event "EUYCC 2022 - U10"]
[Site "?"]
[Date "2022.08.29"]
[Round "8.9"]
[White "Galia, Simon"]
[Black "Koutecka, Magdalena"]
[Result "0-1"]
[WhiteElo "1077"]
[BlackElo "1042"]
[PlyCount "64"]
[EventDate "2022.??.??"]

1. e4 e5 2. Nf3 Nc6 3. Bc4 Nf6 4. Nc3 Nxe4 5. Nxe4 d5 6. Bd3 dxe4 7. Bxe4 Bd6
8. d4 Be6 9. dxe5 Nxe5 10. Nxe5 Bxe5 11. Qxd8+ Rxd8 12. Bxb7 Bd5 13. Bxd5 Rxd5
14. O-O O-O 15. c3 Rfd8 16. Be3 a6 17. f4 Bd6 18. Rfd1 Bxf4 19. Re1 Be5 20. c4
R5d6 21. Bc5 Re6 22. Ba3 Rde8 23. Red1 Rh6 24. h3 Rh5 25. Rd3 h6 26. Rd5 Kh7
27. Re1 Rg5 28. h4 c6 29. Rc5 Bd4+ 30. Kf1 Rxe1+ 31. Kxe1 Rxc5 32. Bxc5 Bxc5
0-1

[Event "EUYCC 2022 - U14"]
[Site "?"]
[Date "2022.08.29"]
[Round "8.1"]
[White "Peglau, Charis"]
[Black "Fizer, Marek"]
[Result "0-1"]
[WhiteElo "1837"]
[BlackElo "1998"]
[PlyCount "112"]
[EventDate "2022.??.??"]

1. d4 d5 2. Nf3 e6 3. c4 Nf6 4. Nc3 c5 5. cxd5 cxd4 6. Qxd4 exd5 7. e4 dxe4 8.
Qxd8+ Kxd8 9. Ng5 Be6 10. Nxe6+ fxe6 11. Bg5 h6 12. Bxf6+ gxf6 13. O-O-O+ Ke7
14. Nxe4 Bg7 15. Kb1 f5 16. Nc5 b6 17. Nb3 Nc6 18. Bb5 Rac8 19. Rhe1 Rhd8 20.
Rxd8 Nxd8 21. Rd1 Rc7 22. a4 e5 23. Nd2 Ne6 24. Rc1 Rxc1+ 25. Kxc1 Kd6 26. Bc4
e4 27. g4 fxg4 28. Nxe4+ Ke5 29. Nc3 Nd4 30. Bf1 Kf4 31. Bg2 h5 32. Nd5+ Kg5
33. b4 Nf3 34. h3 Bd4 35. hxg4 hxg4 36. Ne3 Bxe3+ 37. fxe3 Nh4 38. Bh1 g3 39.
Kd2 Kf5 40. Kd3 Ke5 41. Kc4 a6 42. a5 bxa5 43. b5 axb5+ 44. Kxb5 Nf5 45. e4
Nd6+ 46. Kxa5 Nxe4 47. Kb4 Kd4 48. Kb3 Kd3 49. Kb2 Nf2 50. Bg2 Nd1+ 51. Kc1 Ne3
52. Bf3 Ng4 53. Kd1 Ke3 54. Bg2 Kf2 55. Bh1 Ne3+ 56. Kd2 Ng2 0-1

[Event "EUYCC 2022 - U14"]
[Site "?"]
[Date "2022.08.29"]
[Round "8.2"]
[White "Novomeska, Karin"]
[Black "Sabarez, Iulian"]
[Result "0-1"]
[WhiteElo "1765"]
[BlackElo "1702"]
[PlyCount "62"]
[EventDate "2022.??.??"]

1. d4 Nf6 2. c4 e6 3. Nf3 Bb4+ 4. Bd2 Bxd2+ 5. Qxd2 d5 6. Nc3 O-O 7. e3 Qe7 8.
Bd3 Rd8 9. cxd5 exd5 10. Qc2 c6 11. O-O Nbd7 12. Rfd1 Nf8 13. h3 Re8 14. a3 a5
15. Rab1 Ne4 16. Ne5 f6 17. Nf3 Ng6 18. b4 b5 19. Nd2 f5 20. Bf1 Bd7 21. Ncxe4
fxe4 22. Qc5 Qg5 23. g3 a4 24. Bg2 Rf8 25. Nxe4 Qf5 26. g4 Qf7 27. f4 dxe4 28.
Bxe4 Rae8 29. Qc2 Qe7 30. Bxg6 Qxe3+ 31. Kg2 hxg6 0-1

[Event "EUYCC 2022 - U14"]
[Site "?"]
[Date "2022.08.29"]
[Round "8.3"]
[White "Brozynski, Patryk"]
[Black "Page, Noah"]
[Result "0-1"]
[WhiteElo "1911"]
[BlackElo "1992"]
[PlyCount "80"]
[EventDate "2022.??.??"]

1. e4 c5 2. Nf3 Nc6 3. Nc3 Nf6 4. d4 d5 5. exd5 Nxd5 6. Nxd5 Qxd5 7. Be3 cxd4
8. Nxd4 Nxd4 9. Qxd4 Qa5+ 10. b4 Qc7 11. Rd1 a6 12. Bf4 Qd7 13. Qb2 Qc6 14. Qd4
Bf5 15. Bc4 Qe4+ 16. Qxe4 Bxe4 17. f3 Bc6 18. Kf2 e6 19. Bd6 Rc8 20. Bxf8 Rxf8
21. Bb3 Ke7 22. c4 g5 23. Rhe1 Rg8 24. h3 h5 25. g4 hxg4 26. hxg4 Rh8 27. Rh1
Rh4 28. Rxh4 gxh4 29. Rh1 Rh8 30. Rh3 e5 31. Ke3 Kf6 32. a4 b6 33. Bc2 Kg5 34.
b5 axb5 35. axb5 Bb7 36. Be4 Bxe4 37. Kxe4 f6 38. Rh1 Rd8 39. Ra1 h3 40. Rh1
Kh4 0-1

[Event "EUYCC 2022 - U14"]
[Site "?"]
[Date "2022.08.29"]
[Round "8.4"]
[White "Desarmaux-Do, Yanis-Huy"]
[Black "Paralieu, Maxime"]
[Result "0-1"]
[WhiteElo "1935"]
[BlackElo "1898"]
[PlyCount "68"]
[EventDate "2022.??.??"]

1. Nf3 d5 2. g3 Nc6 3. d4 Bg4 4. Bg2 Qd7 5. O-O h5 6. c4 e6 7. Nc3 f6 8. Nh4
Nge7 9. cxd5 exd5 10. a3 g5 11. Nf3 Bh3 12. e4 Bxg2 13. Kxg2 O-O-O 14. e5 g4
15. Nh4 fxe5 16. dxe5 Nxe5 17. Bf4 N7g6 18. Bxe5 Nxe5 19. Qd4 Bg7 20. Qxa7 Nc6
21. Qa8+ Nb8 22. Na4 Rh6 23. Rac1 Bxb2 24. Nc5 Qc6 25. Nf5 Rh7 26. Rc2 d4+ 27.
Kg1 Bc3 28. Na4 Qb5 29. Nxc3 dxc3 30. Ne3 Rh6 31. a4 Qb4 32. Qa7 Ra6 33. Nd5
Qe4 34. Rxc3 Qxd5 0-1

[Event "EUYCC 2022 - U14"]
[Site "?"]
[Date "2022.08.29"]
[Round "8.5"]
[White "Buchta, Bartolomej"]
[Black "Orfila, Kristofer"]
[Result "1-0"]
[WhiteElo "1701"]
[BlackElo "1723"]
[PlyCount "41"]
[EventDate "2022.??.??"]

1. e4 c5 2. Nf3 e6 3. d4 cxd4 4. Nxd4 Nc6 5. Nc3 Qc7 6. Be3 a6 7. a3 Nf6 8. f4
d6 9. Qf3 Be7 10. O-O-O Nxd4 11. Bxd4 e5 12. fxe5 dxe5 13. Qg3 O-O 14. Nd5 Qd8
15. Bxe5 Nh5 16. Qf3 Bg5+ 17. Kb1 Qe8 18. Bd6 Nf6 19. Bxf8 Qxf8 20. h4 Nxd5 21.
hxg5 1-0

[Event "EUYCC 2022 - U14"]
[Site "?"]
[Date "2022.08.29"]
[Round "8.6"]
[White "Abitbol, Ethan"]
[Black "Mueller, Maximilian"]
[Result "1-0"]
[WhiteElo "1490"]
[BlackElo "1873"]
[PlyCount "67"]
[EventDate "2022.??.??"]

1. e4 e6 2. d4 d5 3. Nd2 Nf6 4. e5 Nfd7 5. Bd3 c5 6. c3 Nc6 7. Ndf3 cxd4 8.
cxd4 f6 9. exf6 Nxf6 10. Nh3 Bd6 11. O-O Qc7 12. Re1 O-O 13. Nhg5 e5 14. dxe5
Nxe5 15. Bxh7+ Kh8 16. Rxe5 Bxe5 17. Nh4 Nxh7 18. Ng6+ Kg8 19. Qxd5+ Rf7 20.
Nxe5 Nxg5 21. Bxg5 Bf5 22. Qxf7+ Qxf7 23. Nxf7 Kxf7 24. Bd2 Rc8 25. Bc3 Rd8 26.
f3 Bc2 27. Re1 Rd1 28. Rxd1 Bxd1 29. Kf2 g6 30. Kg3 Bc2 31. Kf4 Ke6 32. h4 Bb1
33. a3 Bc2 34. Kg5 1-0

[Event "EUYCC 2022 - U14"]
[Site "?"]
[Date "2022.08.29"]
[Round "8.7"]
[White "Arshinkova, Boryana"]
[Black "Paralieu, Emma"]
[Result "1/2-1/2"]
[WhiteElo "1483"]
[BlackElo "1596"]
[PlyCount "55"]
[EventDate "2022.??.??"]

1. e4 e5 2. Nf3 Nc6 3. Bc4 Nf6 4. d3 Be7 5. O-O O-O 6. Be3 d6 7. Nbd2 h6 8. Re1
Be6 9. Bb3 Nh7 10. Nf1 Bxb3 11. axb3 f5 12. exf5 Rxf5 13. Ng3 Rf7 14. d4 exd4
15. Bxd4 Bf6 16. Qd2 Nxd4 17. Nxd4 Bxd4 18. Qxd4 Qf6 19. Qxf6 Nxf6 20. Re2 Ng4
21. f3 Ne5 22. Ne4 a6 23. Rae1 Re8 24. Kf2 Kh8 25. Nc5 Ng4+ 26. Kg3 Rxe2 27.
Rxe2 dxc5 28. Kxg4 1/2-1/2

[Event "EUYCC 2022 - U14"]
[Site "?"]
[Date "2022.08.29"]
[Round "8.8"]
[White "Sigut, Ondrej"]
[Black "Lazniewska, Zofia"]
[Result "1-0"]
[WhiteElo "1495"]
[BlackElo "1545"]
[PlyCount "105"]
[EventDate "2022.??.??"]

1. e4 c5 2. Nf3 a6 3. c3 d5 4. exd5 Qxd5 5. d4 Nf6 6. dxc5 Qxc5 7. Be3 Qc7 8.
g3 g6 9. Bg2 Bg7 10. O-O O-O 11. Nbd2 Nbd7 12. Nb3 Re8 13. Re1 e5 14. Qd2 Ng4
15. Rad1 Nxe3 16. Qxe3 a5 17. Nbd2 Nb6 18. Rc1 Bd7 19. Ne4 f5 20. Qc5 Rac8 21.
Qxc7 Rxc7 22. Nd6 Re6 23. Nxb7 Rxb7 24. Ng5 Rc6 25. Bxc6 Bxc6 26. Ne6 Bf6 27.
Nc5 Rc7 28. b4 axb4 29. cxb4 Ra7 30. Nd3 Be4 31. Nc5 Bd5 32. Red1 Kf7 33. a4
Bf3 34. Rd6 Nc8 35. Rd7+ Rxd7 36. Nxd7 Nd6 37. Rc7 Ke6 38. Nxf6 Kxf6 39. Rxh7
Nf7 40. h4 Bh5 41. b5 Bd1 42. b6 Bf3 43. a5 Bb7 44. h5 g5 45. h6 f4 46. gxf4
exf4 47. Rg7 f3 48. Rg8 Nxh6 49. Rb8 Ba6 50. Ra8 Bb7 51. Ra7 Bc8 52. b7 Bxb7
53. Rxb7 1-0

[Event "EUYCC 2022 - U14"]
[Site "?"]
[Date "2022.08.29"]
[Round "8.9"]
[White "Haapsal, Maria Ioanna"]
[Black "Mickunaite, Agne"]
[Result "0-1"]
[WhiteElo "1334"]
[BlackElo "1527"]
[PlyCount "58"]
[EventDate "2022.??.??"]

1. e4 c5 2. Nc3 d6 3. d4 cxd4 4. Qxd4 Nc6 5. Qd2 g6 6. b3 Bh6 7. f4 Nf6 8. Nge2
Bg7 9. Ng3 h5 10. h4 Bg4 11. Bb2 a6 12. Be2 Bxe2 13. Qxe2 Nd4 14. Qd2 e5 15. f5
Rc8 16. fxg6 fxg6 17. Qd3 Ng4 18. Nge2 Nxe2 19. Qxe2 O-O 20. Nd1 b5 21. g3 d5
22. exd5 Qxd5 23. Rg1 Qc5 24. Rg2 Rf5 25. c3 Rcf8 26. b4 Qd5 27. Bc1 Rf1+ 28.
Qxf1 Rxf1+ 29. Kxf1 Qxd1# 0-1

[Event "EUYCC 2022 - U14"]
[Site "?"]
[Date "2022.08.29"]
[Round "8.10"]
[White "Barteckova, Denisa"]
[Black "Krasilnikova, Marija"]
[Result "1-0"]
[WhiteElo "1455"]
[BlackElo "1271"]
[PlyCount "103"]
[EventDate "2022.??.??"]

1. e4 c5 2. Nf3 g6 3. d4 cxd4 4. Nxd4 Nc6 5. Be2 Bg7 6. Nb3 Nf6 7. Nc3 O-O 8.
O-O d6 9. Re1 Be6 10. Bf1 a6 11. Nd5 b5 12. c3 Rb8 13. Bg5 h6 14. Nxf6+ exf6
15. Bf4 Rb7 16. Qxd6 Qxd6 17. Bxd6 Rd8 18. Nc5 Ra7 19. Red1 Bf8 20. Bxf8 Kxf8
21. Rxd8+ Nxd8 22. Rd1 Ke7 23. Nxe6 Nxe6 24. c4 bxc4 25. Bxc4 a5 26. f3 Rc7 27.
b3 Nd8 28. Kf2 Nc6 29. Rd5 Ra7 30. a3 h5 31. f4 Kf8 32. Bb5 Ne7 33. Rd7 Ra8 34.
Ke3 Rb8 35. Bc4 Ra8 36. Rc7 h4 37. h3 Ke8 38. Bb5+ Kf8 39. Kd4 Rd8+ 40. Rd7 Ra8
41. Bc4 Ke8 42. Rd6 f5 43. e5 Kf8 44. Kc5 Rc8+ 45. Kb5 Ra8 46. Rd7 Ke8 47. Rd6
Ra7 48. Ra6 Rxa6 49. Kxa6 a4 50. b4 Kf8 51. b5 Nc8 52. Kb7 1-0

[Event "EUYCC 2022 - U14"]
[Site "?"]
[Date "2022.08.29"]
[Round "8.11"]
[White "Janouskova, Adela"]
[Black "Gollner, Martin"]
[Result "0-1"]
[WhiteElo "1561"]
[BlackElo "1771"]
[PlyCount "110"]
[EventDate "2022.??.??"]

1. e4 c5 2. b4 cxb4 3. a3 e5 4. axb4 Nf6 5. d3 Bxb4+ 6. c3 Ba5 7. Bg5 Nc6 8.
Nf3 d6 9. Be2 O-O 10. O-O h6 11. Bh4 Ne7 12. Bxf6 gxf6 13. d4 Bc7 14. Qc1 Kh7
15. Rd1 Qe8 16. Bd3 Ng6 17. g3 Rg8 18. Kh1 Bh3 19. Nbd2 Qd7 20. Qc2 Rg7 21. Bf1
Bb6 22. Nc4 Rd8 23. dxe5 Bxf1 24. Rxf1 fxe5 25. Nxb6 axb6 26. Rab1 Qc6 27. Qd3
Rc8 28. Rb3 Nf8 29. Rfb1 Nd7 30. Qe3 d5 31. Nh4 Rg5 32. Nf3 Rg4 33. exd5 Qxd5
34. Kg1 Rg6 35. Rb5 Rc5 36. Rxc5 bxc5 37. c4 Qxc4 38. Rxb7 Qd5 39. Rb5 Rf6 40.
Nd2 Qd4 41. Ne4 Rc6 42. Qf3 Kg7 43. Qg4+ Rg6 44. Qf5 Qd3 45. Rb7 Nf6 46. f3 Qd5
47. Rc7 Nxe4 48. fxe4 Qd4+ 49. Kg2 Rf6 50. Qg4+ Kh7 51. Kh3 Qf2 52. Rc8 Qf1+
53. Kh4 Rg6 54. Qd7 Qf3 55. Qe8 Qg4# 0-1

[Event "EUYCC 2022 - U14"]
[Site "?"]
[Date "2022.08.29"]
[Round "8.12"]
[White "Hetfleischova, Elen"]
[Black "Balazs, Sztella Anna"]
[Result "1/2-1/2"]
[WhiteElo "1352"]
[BlackElo "1663"]
[PlyCount "41"]
[EventDate "2022.??.??"]

1. e4 e5 2. f4 exf4 3. Nf3 d5 4. exd5 Nf6 5. Be2 Nxd5 6. c4 Nf6 7. d4 Bb4+ 8.
Nc3 Ne4 9. Qb3 Nc6 10. O-O Nxd4 11. Qxb4 Nxc3 12. bxc3 Nxe2+ 13. Kh1 Nxc1 14.
Raxc1 Be6 15. Qxb7 O-O 16. Qe4 g5 17. Qe5 h6 18. Rcd1 Qc8 19. Nxg5 Bxc4 20.
Rxf4 Rd8 21. Rfd4 1/2-1/2

[Event "EUYCC 2022 - U14"]
[Site "?"]
[Date "2022.08.29"]
[Round "8.14"]
[White "Grunert, Heinrich"]
[Black "Dorazilova, Kristyna"]
[Result "1/2-1/2"]
[WhiteElo "1342"]
[BlackElo "1400"]
[PlyCount "72"]
[EventDate "2022.??.??"]

1. e4 d6 2. d4 Nf6 3. Nc3 Nbd7 4. Nf3 e5 5. Bc4 h6 6. h3 Be7 7. O-O c6 8. a4 a5
9. Re1 Qc7 10. Be3 g5 11. Nh2 Nf8 12. Nf1 Ng6 13. Ng3 Nf4 14. Nf5 Bxf5 15. exf5
Rg8 16. Bxf4 gxf4 17. Bd3 Rg7 18. dxe5 dxe5 19. Ne4 O-O-O 20. Nxf6 Bxf6 21. Qh5
Rdg8 22. Be4 Rh7 23. Kf1 Rg5 24. Qe2 Rh8 25. Rad1 Rgg8 26. Rd3 Rd8 27. Red1
Rxd3 28. Rxd3 Rd8 29. Rxd8+ Qxd8 30. Qd3 Qxd3+ 31. Bxd3 Kd7 32. Be4 Be7 33. g3
fxg3 34. fxg3 Kd6 35. Ke2 Kc5 36. Kd3 Bg5 1/2-1/2

[Event "EUYCC 2022 - U14"]
[Site "?"]
[Date "2022.08.29"]
[Round "8.15"]
[White "Prokhorova, Arina"]
[Black "Mikulinaite, Meta"]
[Result "1/2-1/2"]
[WhiteElo "1086"]
[BlackElo "1138"]
[PlyCount "57"]
[EventDate "2022.??.??"]

1. d4 d5 2. Bg5 h6 3. Bh4 c6 4. e3 Bf5 5. Nf3 Nf6 6. Bxf6 exf6 7. c4 Be7 8. Nc3
dxc4 9. Bxc4 O-O 10. O-O Bd6 11. Rc1 Nd7 12. Ne2 Nb6 13. Bb3 Rc8 14. Ng3 Bh7
15. Nh4 Qd7 16. Bc2 Bxg3 17. fxg3 Nd5 18. Nf5 Qe6 19. e4 Nb4 20. Bb1 Bxf5 21.
exf5 Qe3+ 22. Kh1 Rfd8 23. Re1 Qxd4 24. Qxd4 Rxd4 25. Re7 Rcd8 26. Ree1 Nd3 27.
Bxd3 Rxd3 28. Kg1 Rd2 29. Rb1 1/2-1/2

[Event "EUYCC 2022 - U14"]
[Site "?"]
[Date "2022.08.29"]
[Round "8.16"]
[White "Dobsa, Emma"]
[Black "Stary, Simon"]
[Result "1-0"]
[WhiteElo "1526"]
[BlackElo "1309"]
[PlyCount "107"]
[EventDate "2022.??.??"]

1. e4 c5 2. Nf3 Nc6 3. d4 cxd4 4. Nxd4 Nf6 5. Nc3 d6 6. Bg5 e6 7. Qd2 Be7 8.
O-O-O a6 9. f4 O-O 10. e5 dxe5 11. Nxc6 bxc6 12. Qxd8 Rxd8 13. Rxd8+ Bxd8 14.
fxe5 h6 15. Bh4 g5 16. Bg3 Nd5 17. Ne4 Bb6 18. Bf2 Bxf2 19. Nxf2 Nf4 20. h4 Kg7
21. hxg5 hxg5 22. Nd3 Ng6 23. Rh5 f6 24. exf6+ Kxf6 25. Nc5 Nf4 26. Rh7 e5 27.
Rh6+ Ng6 28. Ne4+ Kg7 29. Rh5 g4 30. Rg5 Kh6 31. g3 Be6 32. Be2 Rf8 33. b3 Bf5
34. Rxf5 Rxf5 35. Bxg4 Rf1+ 36. Kd2 Rg1 37. Bf3 Ne7 38. g4 Nd5 39. c4 Ne7 40.
Nc5 a5 41. Nd3 Ra1 42. a4 Rf1 43. Be2 Ra1 44. Nc1 Ng6 45. Kc2 Nf4 46. Bf3 Ne6
47. Kb2 Rxc1 48. Kxc1 Nd4 49. Bd1 c5 50. Kd2 Kg5 51. Ke3 Kf6 52. Ke4 Ke6 53. g5
Nf5 54. Bg4 1-0

[Event "EUYCC 2022 - U14"]
[Site "?"]
[Date "2022.08.29"]
[Round "8.17"]
[White "Skutil, Frantisek Elias"]
[Black "Kuzmina, Oleksandra"]
[Result "1/2-1/2"]
[WhiteElo "1514"]
[BlackElo "1144"]
[PlyCount "121"]
[EventDate "2022.??.??"]

1. e4 e5 2. Nf3 Nc6 3. Bb5 a6 4. Ba4 b5 5. Bb3 Nf6 6. O-O Na5 7. Re1 Nxb3 8.
axb3 d6 9. d4 Bg4 10. dxe5 Bxf3 11. Qxf3 dxe5 12. Rd1 Bd6 13. Bg5 O-O 14. Nc3
h6 15. Bxf6 Qxf6 16. Qxf6 gxf6 17. Nd5 Kg7 18. Rd3 f5 19. Rg3+ Kh8 20. exf5 Rg8
21. Rh3 Kg7 22. f6+ Kh7 23. Rg3 Rxg3 24. hxg3 Kg6 25. Nc3 Kxf6 26. Nxb5 Ke6 27.
Nxd6 cxd6 28. Kf1 Rc8 29. c3 Rc6 30. Ke2 Rb6 31. b4 Kd5 32. Kd3 f5 33. Ra5+ Ke6
34. Kc4 Rc6+ 35. Kd3 Rb6 36. Kc4 Rc6+ 37. Kb3 Rb6 38. c4 h5 39. b5 axb5 40.
Rxb5 Rxb5+ 41. cxb5 d5 42. Kc3 Kd6 43. Kb4 Kc7 44. Kc5 d4 45. Kc4 Kb6 46. b4
Kb7 47. Kd3 Kc7 48. Kc4 Kb6 49. f3 Kb7 50. Kd3 Kc7 51. f4 e4+ 52. Kxd4 Kb6 53.
Kc4 Ka7 54. Kd4 Kb7 55. Kc3 Kc7 56. Kd4 Kc8 57. Kc4 Kd8 58. Kd4 Kd7 59. Kc4 Kd6
60. Kd4 Kc7 61. Kc3 1/2-1/2